La curación del grillo / (Record no. 126403)

MARC details
000 -CABECERA
campo de control de longitud fija 00788nam a2200229 a 4500
005 - FECHA Y HORA DE LA ÚLTIMA TRANSACCIÓN
campo de control 20220622063528.0
008 - ELEMENTOS DE LONGITUD FIJA--INFORMACIÓN GENERAL
campo de control de longitud fija 080219s2004 es r 000 0 spa d
020 ## - NÚMERO INTERNACIONAL NORMALIZADO PARA LIBROS
Número Internacional Estándar del Libro 8478447709
035 ## - NÚMERO DE CONTROL DEL SISTEMA
Número de control de sistema UPN01000154286
049 ## - COLECCIÓN
Colección CG
050 #4 - SIGNATURA TOPOGRÁFICA DE LA BIBLIOTECA DEL CONGRESO
Número de clasificación PT5881.3 E4.5
Número de documento/Ítem C8.7
100 1# - ASIENTO PRINCIPAL--NOMBRE PERSONAL
Nombre de persona Tellegen, Toon,
Fechas asociadas al nombre 1941-
9 (RLIN) 39388
245 13 - MENCIÓN DE TÍTULO
Título La curación del grillo /
Mención de responsabilidad, etc. Toon Tellegen ; tr. María Lerma ; il. de Jesús Aguado.
260 ## - PUBLICACIÓN, DISTRIBUCIÓN, ETC.
Lugar de publicación, distribución, etc. Madrid :
Nombre del editor, distribuidor, etc. Siruela,
Fecha de publicación, distribución, etc. 2004.
300 ## - DESCRIPCIÓN FÍSICA
Extensión 155 p. :
Otras características físicas il.
440 #4 - MENCIÓN DE SERIE/ASIENTO SECUNDARIO--TÍTULO
Título Las tres edades.
Nombre de parte o sección de la obra De 12 en adelante ;
Designación de volumen o secuencia 110
534 ## - NOTA SOBRE LA VERSIÓN ORIGINAL
Frase introductoria Traducción de:
Mención de título del original De genezing van de krekel
586 ## - NOTA DE PREMIOS
Nota de premios "Premio Nacional a la mejor labor editotial cultural 2003"
650 #4 - ASIENTO SECUNDARIO DE MATERIA - TERMINO TEMATICO
Término de materia o nombre geográfico como elemento de entrada LITERATURA INFANTIL HOLANDESA
9 (RLIN) 13664
650 #0 - ASIENTO SECUNDARIO DE MATERIA - TERMINO TEMATICO
Término de materia o nombre geográfico como elemento de entrada Animales
Subdivisión de forma Cuentos y leyendas
9 (RLIN) 234
905 ## - TIPO DE MATERIAL
Tipo de material Libro
Holdings
Estado de retiro Estado de pérdida Fuente del sistema de clasificación o colocación Estado dañado No para préstamo Código de colección Localización permanente Ubicación/localización actual Ubicación en estantería Total de préstamos Clasificación Código de barras Fecha visto por última vez Número de copia Tipo de ítem Koha Fecha de adquisición Fecha del último préstamo
    Library of Congress Classification     Colección General Bib. Gregorio Torres Quintero Bib. Gregorio Torres Quintero Planta baja   PT5881.3 E4.5 C8.7 281004 31/12/2020 1 Libro    
    Library of Congress Classification     Colección General Bib. Gregorio Torres Quintero Bib. Gregorio Torres Quintero Planta baja 8 PT5881.3 E4.5 C8.7 255247 18/08/2023 1 Libro 07/08/2023 07/08/2023